[Event "Nahariagun op 21st"]
[Site "Nahariagun"]
[Date "2023.10.24"]
[Round "7"]
[White "Melesai"]
[Black "Dupit, Tachung"]
[Result "0-1"]
[WhiteElo "1773"]
[BlackElo "1634"]
[PlyCount "98"]
[EventDate "2023.10.21"]
[EventType "swiss"]
[EventRounds "9"]
[EventCountry "IND"]
[SourceTitle "Mega2024 Update 01"]
[Source "Chessbase"]
[SourceDate "2023.11.12"]
[SourceVersion "1"]
[SourceVersionDate "2023.11.12"]
[SourceQuality "1"]

1. e4 c5 2. Nf3 d6 3. Bc4 e6 4. Nc3 a6 5. a4 Nf6 6. Bb3 Nc6 7. d4 cxd4 8. Nxd4 Be7 9. 0-0 0-0 10. Bg5 Bd7 11. Qd2 Rc8 12. Nxc6 Bxc6 13. f3 d5 14. exd5 Nxd5 15. Bxe7 Nxe7 16. Rad1 Nf5 17. Rfe1 Qf6 18. Qf4 Rcd8 19. Ne4 Qxb2 20. Ng5 Rxd1 21. Rxd1 Qf6 22. Ne4 Qh4 23. Qxh4 Nxh4 24. Nc5 Ng6 25. Rd6 Ra8 26. a5 Kf8 27. Ba4 Ke7 28. Rd4 Rc8 29. Bxc6 Rxc6 30. Na4 Rxc2 31. Nb6 Nf8 32. f4 Rc5 33. g4 h6 34. h4 Rxa5 35. Nc8+ Kf6 36. Kf2 Rc5 37. Rd8 Ng6 38. g5+ hxg5 39. fxg5+ Ke5 40. h5 Nf4 41. h6 gxh6 42. gxh6 Rc2+ 43. Kg1 Rg2+ 44. Kf1 Rh2 45. Rh8 Ng6 46. Rh7 f5 47. Nb6 Kf4 48. Kg1 Rh3 49. Kg2 Rh1 0-1